Patrones de crecimiento de las tortugas gigantes (<Geochelone ephippium>) de la Isla de Pinzón, Galápagos (Registro nro. 14306)

Detalles MARC
000 -CABECERA
Campo de control 004570000a22001210004500
090 ## - CLASIFICACIÓN LOCAL
Colección AS
Consecutivo Seriadas
041 0# - IDIOMA
Código de idioma para texto/pista de sonido o título separado
100 1# - ASIENTO PRINCIPAL--NOMBRE PERSONAL
Nombre personal Siaca, R. Amnris
245 10 - MENCION DE TITULO
Título Patrones de crecimiento de las tortugas gigantes (<Geochelone ephippium>) de la Isla de Pinzón, Galápagos
700 1# - ASIENTO SECUNDARIO - NOMBRE PERSONAL
Nombre personal Fritts, Thomas H.
773 1# - Item fuente:
Título Revista de la Academia Colombiana de Ciencias Exactas, Fisicas y Naturales
Especificación de materiales 32
Descripción física 75
Paginas del Articulo 741-744
Lugar, editorial y fecha de publicación 1995
Información sobre la relación 19
942 ## - ELEMENTOS ADICIONALES (KOHA)
Tipo de ítem Artículo

No hay ítems disponibles.